Sports Quiz

Random Sports or Football Quiz

Anyone But Arjen Robben Quiz Stats

 Plays Quiz not verified by Sporcle

Score 0/121 Timer 13:00
12 Plays Today
Hint Answer % Correct
Scored 4 or more goals in 2005-06 Premier League for Chelsea (Champions, Robben scored 6)Didier Drogba
98.1%
Awarded UEFA Champions League Final Man of the Match in the 2010's (as of 02/2019, Robben in 2013)Didier Drogba
98.1%
Scored 4 or more goals in 2004-05 Premier League for Chelsea (Champions, Robben scored 7)Didier Drogba
98.1%
Scored 4 or more goals in 2004-05 Premier League for Chelsea (Champions, Robben scored 7)Frank Lampard
96%
Scored 4 or more goals in 2005-06 Premier League for Chelsea (Champions, Robben scored 6)Frank Lampard
96%
Scored 4 or more goals in 2012-13 Bundesliga for Bayern Munich (Champions, Robben scored 5)Franck Ribery
96%
Scored 4 or more goals in 2013-14 Bundesliga for Bayern Munich (Champions, Robben scored 11)Franck Ribery
96%
Scored 4 or more goals in 2016-17 Bundesliga for Bayern Munich (Champions, Robben scored 13)Franck Ribery
96%
Scored 4 or more goals in 2014-15 Bundesliga for Bayern Munich (Champions, Robben scored 17)Franck Ribery
96%
Non-German player awarded Footballer of the Year in Germany (as of 02/2019, Robben in 2010)Franck Ribery
96%
Scored 4 or more goals in 2017-18 Bundesliga for Bayern Munich (Champions, Robben scored 5)Franck Ribery
96%
Scored 4 or more goals in 2009-10 Bundesliga for Bayern Munich (Champions, Robben scored 16)Franck Ribery
96%
Scored 4 or more goals in 2013-14 Bundesliga for Bayern Munich (Champions, Robben scored 11)Thomas Muller
95.9%
Scored 4 or more goals in 2017-18 Bundesliga for Bayern Munich (Champions, Robben scored 5)Thomas Muller
95.9%
Scored 4 or more goals in 2014-15 Bundesliga for Bayern Munich (Champions, Robben scored 17)Thomas Muller
95.9%
Scored 4 or more goals in 2015-16 Bundesliga for Bayern Munich (Champions, Robben scored 4)Thomas Muller
95.9%
Played in 2010, 2012 and 2013 UEFA Champions League Finals for Bayern Munich (Runner-up in 2010 and 2012, Champions in 2013)Thomas Muller
95.9%
Scored 4 or more goals in 2016-17 Bundesliga for Bayern Munich (Champions, Robben scored 13)Thomas Muller
95.9%
Scored 4 or more goals in 2012-13 Bundesliga for Bayern Munich (Champions, Robben scored 5)Thomas Muller
95.9%
Scored 4 or more goals in 2009-10 Bundesliga for Bayern Munich (Champions, Robben scored 16)Thomas Muller
95.9%
Awarded 4 or more Man of the Match in FIFA World Cups since 2002 (as of 02/2019, Robben 6: 2 in 2006, 1 in 2010, 3 in 2014)Thomas Muller
95.9%
Awarded UEFA Champions League Final Man of the Match in the 2010's (as of 02/2019, Robben in 2013)Cristiano Ronaldo
95.8%
Awarded 4 or more Man of the Match in FIFA World Cups since 2002 (as of 02/2019, Robben 6: 2 in 2006, 1 in 2010, 3 in 2014)Cristiano Ronaldo
95.8%
Scored 4 or more goals in 2017-18 Bundesliga for Bayern Munich (Champions, Robben scored 5)Robert Lewandowski
95.7%
Scored 4 or more goals in 2014-15 Bundesliga for Bayern Munich (Champions, Robben scored 17)Robert Lewandowski
95.7%
Scored 4 or more goals in 2016-17 Bundesliga for Bayern Munich (Champions, Robben scored 13)Robert Lewandowski
95.7%
Scored 4 or more goals in 2015-16 Bundesliga for Bayern Munich (Champions, Robben scored 4)Robert Lewandowski
95.7%
Awarded UEFA Champions League Final Man of the Match in the 2010's (as of 02/2019, Robben in 2013)Lionel Messi
94.3%
Awarded 4 or more Man of the Match in FIFA World Cups since 2002 (as of 02/2019, Robben 6: 2 in 2006, 1 in 2010, 3 in 2014)Lionel Messi
94.3%
Part in 2006, 2010 and 2014 FIFA World Cup for NetherlandsRobin van Persie
94.2%
Netherlands' XI in 2010 FIFA World Cup Final (Runner-up, lost 1:0 vs Spain after extra time)Robin van Persie
94.2%
Scored 4 or more goals in 2017-18 Bundesliga for Bayern Munich (Champions, Robben scored 5)James Rodriguez
93.1%
Part in 2004, 2008 and 2012 UEFA Euro for NetherlandsWesley Sneijder
93.1%
Scored 4 or more goals in 2007-08 La Liga for Real Madrid (Champions, Robben scored 4)Wesley Sneijder
93.1%
Part in 2006, 2010 and 2014 FIFA World Cup for NetherlandsWesley Sneijder
93.1%
Netherlands' XI in 2010 FIFA World Cup Final (Runner-up, lost 1:0 vs Spain after extra time)Wesley Sneijder
93.1%
Awarded 4 or more Man of the Match in FIFA World Cups since 2002 (as of 02/2019, Robben 6: 2 in 2006, 1 in 2010, 3 in 2014)James Rodriguez
93.1%
Awarded 4 or more Man of the Match in FIFA World Cups since 2002 (as of 02/2019, Robben 6: 2 in 2006, 1 in 2010, 3 in 2014)Wesley Sneijder
93.1%
Scored 4 or more goals in 2007-08 La Liga for Real Madrid (Champions, Robben scored 4)Sergio Ramos
93.1%
Awarded UEFA Champions League Final Man of the Match in the 2010's (as of 02/2019, Robben in 2013)Sergio Ramos
93.1%
Scored 4 or more goals in 2007-08 La Liga for Real Madrid (Champions, Robben scored 4)Raul
91.5%
Hint Answer % Correct
Scored 4 or more goals in 2013-14 Bundesliga for Bayern Munich (Champions, Robben scored 11)Mario Mandzukic
90.7%
Scored 4 or more goals in 2012-13 Bundesliga for Bayern Munich (Champions, Robben scored 5)Mario Mandzukic
90.7%
Scored 4 or more goals in 2007-08 La Liga for Real Madrid (Champions, Robben scored 4)Ruud van Nistelrooy
90.4%
Awarded 4 or more Man of the Match in FIFA World Cups since 2002 (as of 02/2019, Robben 6: 2 in 2006, 1 in 2010, 3 in 2014)Luis Suarez
90.4%
Scored 4 or more goals in 2016-17 Bundesliga for Bayern Munich (Champions, Robben scored 13)Arturo Vidal
89.5%
Scored 4 or more goals in 2015-16 Bundesliga for Bayern Munich (Champions, Robben scored 4)Arturo Vidal
89.5%
Scored 4 or more goals in 2017-18 Bundesliga for Bayern Munich (Champions, Robben scored 5)Arturo Vidal
89.5%
Scored 4 or more goals in 2005-06 Premier League for Chelsea (Champions, Robben scored 6)John Terry
89.2%
Part in 2006, 2010 and 2014 FIFA World Cup for NetherlandsDirk Kuyt
87.5%
Netherlands' XI in 2010 FIFA World Cup Final (Runner-up, lost 1:0 vs Spain after extra time)Dirk Kuyt
87.5%
Part in 2004, 2008 and 2012 UEFA Euro for NetherlandsRafael van der Vaart
87.4%
Awarded 4 or more Man of the Match in FIFA World Cups since 2002 (as of 02/2019, Robben 6: 2 in 2006, 1 in 2010, 3 in 2014)Eden Hazard
87%
Played in 2010, 2012 and 2013 UEFA Champions League Finals for Bayern Munich (Runner-up in 2010 and 2012, Champions in 2013)Philipp Lahm
86.9%
Scored 4 or more goals in 2016-17 Bundesliga for Bayern Munich (Champions, Robben scored 13)David Alaba
85.8%
Awarded 4 or more Man of the Match in FIFA World Cups since 2002 (as of 02/2019, Robben 6: 2 in 2006, 1 in 2010, 3 in 2014)Miroslav Klose
85.6%
Scored 4 or more goals in 2013-14 Bundesliga for Bayern Munich (Champions, Robben scored 11)Bastian Schweinsteiger
85%
Scored 4 or more goals in 2014-15 Bundesliga for Bayern Munich (Champions, Robben scored 17)Bastian Schweinsteiger
85%
Played in 2010, 2012 and 2013 UEFA Champions League Finals for Bayern Munich (Runner-up in 2010 and 2012, Champions in 2013)Bastian Schweinsteiger
85%
Awarded UEFA Champions League Final Man of the Match in the 2010's (as of 02/2019, Robben in 2013)Gareth Bale
85%
Scored 4 or more goals in 2012-13 Bundesliga for Bayern Munich (Champions, Robben scored 5)Bastian Schweinsteiger
85%
Scored 4 or more goals in 2013-14 Bundesliga for Bayern Munich (Champions, Robben scored 11)Xherdan Shaqiri
84.8%
Scored 4 or more goals in 2012-13 Bundesliga for Bayern Munich (Champions, Robben scored 5)Xherdan Shaqiri
84.8%
Non-German player awarded Footballer of the Year in Germany (as of 02/2019, Robben in 2010)Kevin De Bruyne
84.7%
Scored 4 or more goals in 2004-05 Premier League for Chelsea (Champions, Robben scored 7)Eidur Gudjohnsen
84.4%
Football player awarded Dutch Sportsman of the year since 1951 (as of 02/2019, Robben in 2014)Johan Cruyff
84.1%
Football player awarded Dutch Sportsman of the year since 1951 (as of 02/2019, Robben in 2014)Johan Cruyff
84.1%
Scored 4 or more goals in 2004-05 Premier League for Chelsea (Champions, Robben scored 7)Joe Cole
83%
Scored 4 or more goals in 2005-06 Premier League for Chelsea (Champions, Robben scored 6)Joe Cole
83%
Scored 4 or more goals in 2015-16 Bundesliga for Bayern Munich (Champions, Robben scored 4)Kingsley Coman
82.6%
Played in 2010, 2012 and 2013 UEFA Champions League Finals for Bayern Munich (Runner-up in 2010 and 2012, Champions in 2013)Mario Gomez
81.9%
Scored 4 or more goals in 2009-10 Bundesliga for Bayern Munich (Champions, Robben scored 16)Mario Gomez
81.9%
Scored 4 or more goals in 2012-13 Bundesliga for Bayern Munich (Champions, Robben scored 5)Mario Gomez
81.9%
Scored 4 or more goals in 2016-17 Bundesliga for Bayern Munich (Champions, Robben scored 13)Douglas Costa
81.4%
Scored 4 or more goals in 2015-16 Bundesliga for Bayern Munich (Champions, Robben scored 4)Douglas Costa
81.4%
Scored 4 or more goals in 2007-08 La Liga for Real Madrid (Champions, Robben scored 4)Robinho
81.2%
Scored 4 or more goals in 2016-17 Bundesliga for Bayern Munich (Champions, Robben scored 13)Thiago
80.6%
Scored 4 or more goals in 2004-05 Premier League for Chelsea (Champions, Robben scored 7)Damien Duff
80.4%
Netherlands' XI in 2010 FIFA World Cup Final (Runner-up, lost 1:0 vs Spain after extra time)Nigel de Jong
80%
Scored 4 or more goals in 2005-06 Premier League for Chelsea (Champions, Robben scored 6)Hernan Crespo
79.6%
Scored 4 or more goals in 2013-14 Bundesliga for Bayern Munich (Champions, Robben scored 11)Claudio Pizarro
78.6%
Scored 4 or more goals in 2012-13 Bundesliga for Bayern Munich (Champions, Robben scored 5)Claudio Pizarro
78.6%
Hint Answer % Correct
Scored 4 or more goals in 2012-13 Bundesliga for Bayern Munich (Champions, Robben scored 5)Toni Kroos
77.1%
Part in 2004, 2008 and 2012 UEFA Euro for NetherlandsJohn Heitinga
76.5%
Netherlands' XI in 2010 FIFA World Cup Final (Runner-up, lost 1:0 vs Spain after extra time)John Heitinga
76.5%
Scored 4 or more goals in 2002-03 Eredivisie for PSV (Champions, Robben scored 12)Mark van Bommel
75.6%
Netherlands' XI in 2010 FIFA World Cup Final (Runner-up, lost 1:0 vs Spain after extra time)Mark van Bommel
75.6%
Scored 4 or more goals in 2007-08 La Liga for Real Madrid (Champions, Robben scored 4)Gonzalo Higuain
75.5%
Awarded 4 or more Man of the Match in FIFA World Cups since 2002 (as of 02/2019, Robben 6: 2 in 2006, 1 in 2010, 3 in 2014)Park Ji-sung
75.2%
Scored 4 or more goals in 2009-10 Bundesliga for Bayern Munich (Champions, Robben scored 16)Ivica Olic
73.6%
Missed a penalty kick in an UEFA Champions League Final (only during regular game-no Penalty shootout, as of 02/2019, Robben in 2012 in extra time)Antoine Griezmann
73%
Scored 4 or more goals in 2013-14 Bundesliga for Bayern Munich (Champions, Robben scored 11)Mario Gotze
72.9%
Scored 4 or more goals in 2014-15 Bundesliga for Bayern Munich (Champions, Robben scored 17)Mario Gotze
72.9%
Scored 4 or more goals in 2002-03 Eredivisie for PSV (Champions, Robben scored 12)Mateja Kezman
72.6%
Scored 4 or more goals in 2004-05 Premier League for Chelsea (Champions, Robben scored 7)Mateja Kezman
72.6%
Scored 4 or more goals in 2009-10 Bundesliga for Bayern Munich (Champions, Robben scored 16)Daniel Van Buyten
71.2%
Missed a penalty kick in an UEFA Champions League Final (only during regular game-no Penalty shootout, as of 02/2019, Robben in 2012 in extra time)Xabi Alonso
71%
Netherlands' XI in 2010 FIFA World Cup Final (Runner-up, lost 1:0 vs Spain after extra time)Maarten Stekelenburg
69.8%
Scored 4 or more goals in 2005-06 Premier League for Chelsea (Champions, Robben scored 6)William Gallas
68.8%
Awarded UEFA Champions League Final Man of the Match in the 2010's (as of 02/2019, Robben in 2013)Andres Iniesta
68.3%
Football player awarded Dutch Sportsman of the year since 1951 (as of 02/2019, Robben in 2014)Ruud Gullit
67.2%
Awarded 4 or more Man of the Match in FIFA World Cups since 2002 (as of 02/2019, Robben 6: 2 in 2006, 1 in 2010, 3 in 2014)Keisuke Honda
65.9%
Netherlands' XI in 2010 FIFA World Cup Final (Runner-up, lost 1:0 vs Spain after extra time)Giovanni van Bronckhorst
65.4%
Scored 4 or more goals in 2016-17 Bundesliga for Bayern Munich (Champions, Robben scored 13)Joshua Kimmich
64%
Awarded UEFA Champions League Final Man of the Match in the 2010's (as of 02/2019, Robben in 2013)Diego Milito
62.8%
Scored 4 or more goals in 2017-18 Bundesliga for Bayern Munich (Champions, Robben scored 5)Corentin Tolisso
61.3%
Awarded UEFA Champions League Final Man of the Match in the 2010's (as of 02/2019, Robben in 2013)Angel Di Maria
54.3%
Non-German player awarded Footballer of the Year in Germany (as of 02/2019, Robben in 2010)Grafite
51.9%
Scored 4 or more goals in 2004-05 Premier League for Chelsea (Champions, Robben scored 7)Tiago
50.1%
Scored 4 or more goals in 2012-13 Bundesliga for Bayern Munich (Champions, Robben scored 5)Luiz Gustavo
49.7%
Netherlands' XI in 2010 FIFA World Cup Final (Runner-up, lost 1:0 vs Spain after extra time)Gregory van der Wiel
46.7%
Scored 4 or more goals in 2017-18 Bundesliga for Bayern Munich (Champions, Robben scored 5)Sandro Wagner
42.3%
Netherlands' XI in 2010 FIFA World Cup Final (Runner-up, lost 1:0 vs Spain after extra time)Joris Mathijsen
41.3%
Part in 2004, 2008 and 2012 UEFA Euro for NetherlandsWilfred Bouma
37.4%
Non-German player awarded Footballer of the Year in Germany (as of 02/2019, Robben in 2010)Ailton
34%
Scored 4 or more goals in 2002-03 Eredivisie for PSV (Champions, Robben scored 12)Dennis Rommedahl
21.2%
Missed a penalty kick in an UEFA Champions League Final (only during regular game-no Penalty shootout, as of 02/2019, Robben in 2012 in extra time)Mehmet Scholl
20.2%
Scored 4 or more goals in 2002-03 Eredivisie for PSV (Champions, Robben scored 12)Jan Vennegoor of Hesselink
15.2%
Scored 4 or more goals in 2002-03 Eredivisie for PSV (Champions, Robben scored 12)Arnold Bruggink
11.4%
Football player awarded Dutch Sportsman of the year since 1951 (as of 02/2019, Robben in 2014)Abe Lenstra
9.2%
Football player awarded Dutch Sportsman of the year since 1951 (as of 02/2019, Robben in 2014)Abe Lenstra
9.2%

You're not logged in!

Compare scores with friends on all Sporcle quizzes.
OR
Log In

You Might Also Like...

Show Comments

Extras

Top Quizzes Today


Score Distribution

Your Account Isn't Verified!

In order to create a playlist on Sporcle, you need to verify the email address you used during registration. Go to your Sporcle Settings to finish the process.

Report this User

Report this user for behavior that violates our Community Guidelines.

Details: